Causes of overproduction of weds in cereals

Bibliographic Details
Main Author: Rajczyová, Mária (Author)
Format: Article
Language:Slovak
PhysicalDescription:Tb. 3. Res. slov.
Subjects:

MARC

LEADER 00000nab a2200000 a 4500
001 vtls000096212
003 SK-MaSNL
005 20260318122255.0
008 111031c1978 xo 0 slo
015 |a SNBRA19rr/mm-uuuuu 
035 |a CL0106315 
040 |a SNKBUCL  |b slo  |c SNKBUCL  |e AACR2 
041 0 |a slo 
044 |a xo  |c SK 
080 |a 632.5/.7  |2 1981 
080 |a 633.1  |2 1981 
100 1 |a Rajczyová, Mária  |4 aut  |9 1123746 
245 1 0 |a Causes of overproduction of weds in cereals  |c M. Rajczyová 
300 |b Tb. 3. Res. slov. 
650 0 7 |a obilniny  |2 snkbucl  |9 19007 
650 0 7 |a buriny  |2 snkbucl  |9 15855 
655 7 |a články zo zborníkov  |2 snkbucl  |9 166140 
773 0 |t Acta botanica slovaca Academiae scientiarum slovacae. Series A. Taxonomica geobotanica 3  |d Bratislava : Veda, 1978  |g S. 181-187 
850 |a Slovenská národná knižnica v Martine  |a MTA001 
852 |a SNK  |b KIS3GCP 
958 |a RK 
992 |a RZB 
999 |c 3200813  |d 3202743